000 00539cam a22001337a 4500
008 180718b1954 xxu||||| |||| 00| 0 eng d
082 _aB811x748 P384/1941-1953
100 _aUnited States. Pennsylvania Commission on Intergovernmental Relations
245 _aFederal grant-in-aid programs in Pennsylvania 1941-1953: a report of the Pennsylvania Commission on Intergovernmental Relations
260 _aPennsylvania
_bThe author
_c1954
300 _a220+p.
500 _aChairman: Alfred G. Buehler
700 _aBuehler, Alfred G. (Chairman)
999 _c488878
_d488878